00537 2200181 4500245009100000020001800091250001100109100002800120650001800148650002100166005001900187260004200206041001400248084000800262300002300270500005300293336000900346 aEnglish Classics b : Sherlock Holmes Short Stories #3cDoyle, Sir Arthur ConanhText a9786020371849 aCet. 5 aDoyle, Sir Arthur Conan aFiksi Inggris aEnglish Classics a20240111135014 aJakartabGramedia Pustaka Utamac2023 aIndonesia a823 a224 hlm. :c18 cm. a"What one man can invent, another can discover." atext